000 01055cam a22003377a 4500
003 CHAP
005 20220329134100.0
008 971013s1957 r 00010 d
010 _a15144
011 _a16116
035 _a20194
040 _cCHAP
090 _aFolleto 931
100 0 0 _aGray, George W.
_950494
245 1 4 _aThe organizer
260 _aSan Francisco :
_bFreeman,
_c1957
300 _a(11) p.
_b: ilus
490 0 _aScientific American Offprints
_v; 103
500 _a"Reprinted from Scientific American, November 1957"
590 _aBATCH-UPD
_b10
_c20130109
_lUCH01
_h2338
590 _aBATCH-UPD
_b10
_c20130110
_lUCH01
_h0242
590 _aBATCH-UPD
_b10
_c20130409
_lUCH01
_h1906
590 _aBATCH-UPD
_b10
_c20130914
_lUCH01
_h1202
590 _aCONVERSION
_b10
_c20130109
_lUCH01
_h1310
650 1 4 _aDiferenciación (Biología)
_932557
650 1 4 _aEmbriología.
_936486
830 0 _aScientific American Offprints
_v; 103
_9103328
901 _aBK
942 _cFOLL
949 _aFolleto 931
_bBC
_cFOLL
_d-47144
_eTS1
_i20194
_si
999 _c15144
_d15144